عرض عادي
عرض مارك
- Kinghorn, Jay.
مدخل إسم شخص
001 - رقم الضبط
- حقل الضبط: 42606
003 - معرف رقم الضبط
- حقل الضبط: OSt
005 - تاريخ ووقت أخر عملية
- حقل الضبط: 20140127204215.0
008 - عناصر بيانات ثابتة الطول
- حقل تحكم ثابت الطول: 140127|||a|||||| | ||| d
040 ## - مصدر الفهرسة
- هيئة الفهرسة الأصلية: OSt
- وكالة الكتابة: OSt
100 ## - مدخل -- أسم شخص
- إسم شخص: Kinghorn, Jay.
670 ## - بيانات المصدر موجوده
- الاستشهاد بالمصدر: Work cat.: (OSt)0: Kinghorn, Jay., iPad kickstart /, 2012.
